000 00765nam a22001935i 4500
001 154553
003 ES-MaACL
005 20230906205756.0
008 990914m18421844sp |||| | spa d
040 _aCCPB | B
_bspa
_cCCPB | B
100 1 _aGonzález Carvajal, José.
_9127403
245 1 3 _aLa España de los Borbones
_b: historia documental desde ántes de la muerte de Carlos Segundo hasta la abdicacion de María Cristina en Valencia. Dividida en dos partes /
_cpor José González Carvajal.
260 _aMadrid :
_bpor la Sociedad Poligráfica,
_c1842-1844.
300 _a4 v. ;
_c21 cm.
510 4 _aPalau,
_c105160
597 1 _aAntep.
651 4 _aEspaña-
_xHistoria.
_98209
852 _aES-MaACL
_jG-2845-46
_z-- Enc. hol.
_z-- Enc. 4 t. en 2 v.
999 _c154553
_d154553